Turkey

Gespeichert in:
Bibliographische Detailangaben
Format: Buch
Sprache:Englisch
Veröffentlicht: Paris OECD 2010
Schriftenreihe:OECD economic surveys
Schlagworte:
Tags: Tag hinzufügen
Keine Tags, Fügen Sie das erste Tag hinzu!

MARC

LEADER 00000nam$a2200000$$$4500
001 0125315
005 20240315121401.7
020 |a 978-92-64-08304-2 
022 |a 0376-6438 
041 0 |a eng 
044 |a FR 
245 1 0 |a Turkey 
264 1 |a Paris  |b OECD  |c 2010 
300 |a 143 s. 
490 1 |a OECD economic surveys 
830 0 |a OECD economic surveys 
610 2 0 |a politika fiškálna 
610 2 0 |a politika menová 
610 2 0 |a kríza finančná 
610 2 0 |a trh kapitálový 
610 2 0 |a rast hospodársky 
610 2 0 |a trh práce 
610 2 0 |a údaje štatistické 
610 2 0 |a ukazovatele ekonomické 
610 2 0 |a Turecko